[Event "17th Capechecs Open 2019"]
[Site "Cap d'Agde"]
[Date "2019.10.31"]
[Round "7.1"]
[White "Sivuk, Vitaly"]
[Black "Haub, Thorsten Michael"]
[Result "1-0"]
[WhiteElo "2559"]
[BlackElo "2407"]
[Annotator "TA"]
[PlyCount "121"]
[EventDate "2019.10.26"]
[EventType "swiss"]
[EventCountry "FRA"]
[SourceTitle "playchess.com"]
[Source "ChessBase"]
[SourceQuality "1"]

{[%evp 16,121,66,56,68,66,82,56,64,58,75,57,91,89,87,93,98,88,89,64,174,43,43,10,43,61,137,60,80,0,0,-83,-87,-94,-93,-116,-132,-146,-154,-179,-172,-306,41,44,53,0,0,0,47,23,45,52,147,145,289,293,293,282,287,282,326,186,278,274,329,302,282,253,251,247,305,301,364,258,258,246,321,328,333,241,398,284,417,409,413,417,370,381,396,384,469,477,479,477,502,484,510,505,495,448,509,490,594,583,608,572,570,543]} 1. d4 e6 2. e4 d5 3. Nd2 Nf6 4. e5 Nfd7 5. Bd3 c5 6. c3 Nc6 7. Ne2 cxd4 8. cxd4 Nb6 9. Nf3 Be7 {C06: French Tarrasch: 3...Nf6 4 e5 Nfd7 5 Bd3 main lines} 10. h4 (10. O-O Bd7 11. Nc3 a5 12. a4 Nb4 13. Bb1 O-O 14. Re1 Rc8 15. h4 f6 16. exf6 gxf6 17. Ne2 Bd6 18. Nf4 Qe7 {1-0 (69) Berelowitsch,A (2581)-Madan,A (2395) Coulsdon 2009}) 10... h6 11. h5 Bd7 {White is slightly better.} 12. a3 a5 13. Nc3 Rc8 $146 ({Predecessor:} 13... a4 14. Bc2 Nb8 15. Rh3 Bc6 16. Kf1 Qd7 17. Rg3 {½-½ (46) Adler,V (2412)-Simon Padros,E (2275) Mallorca 2004}) 14. Rh3 Na7 15. Rg3 Kf8 16. Ng1 Bh4 17. Rg4 f5 ({Black should try} 17... Bg5 $14) 18. exf6 (18. Rg6 $1 $18) 18... Bxf6 $14 19. Nh3 Nc6 20. Nf4 e5 {[#]} (20... Bxd4 $14 21. Ng6+ Kg8) 21. Ng6+ (21. dxe5 $1 $16 {[%mdl 512]} Bxg4 (21... Nxe5 22. Rg3) 22. Ng6+ {[%mdl 64] Double Attack} Kf7 23. Qxg4 (23. Nxh8+ Kg8 $15) 23... Nxe5 24. Nxe5+ (24. Nxh8+ Kg8 $17) 24... Bxe5 25. Bg6+ Ke7 26. Qe2) 21... Kg8 22. Rg3 (22. dxe5 $16 Nxe5 23. Rf4) 22... e4 $36 {[%mdl 2048] Black is more active.} 23. Nxe4 (23. Bb5 $11 {remains equal.}) 23... Qe8 $1 $17 {[%mdl 64] Pin} (23... dxe4 $2 24. Qb3+ Kh7 25. Bxe4 $16) (23... Bxd4 24. Be3 $16) 24. Qb3 {And now Re3 would win.} Nxd4 25. Qxb6 {[%mdl 64] Double Attack} dxe4 26. Re3 {[#]} Bc6 $1 27. Kf1 (27. Nxh8 $2 Kxh8 28. Bd2 Qxh5 $19) 27... Kh7 28. Bd2 (28. Nf4 $142) 28... Qd7 $2 ({Inferior is} 28... exd3 29. Rxe8 Rhxe8 30. Nf4 $11) ({Better is} 28... Qd8 $19 29. Qxd8 Rhxd8) 29. Rxe4 $14 ({Not} 29. Bxe4 $2 Bxe4 30. Rxe4 Rc6 $19) 29... Nf5 30. Nf4 (30. Re3 $1 $14) 30... Bxe4 $11 31. Bxe4 Rhe8 (31... Rc4 $5 {[%cal Rc4e4]} 32. Qe3 Rd8 $11) 32. Bd3 {Threatens to win with g4.} Kh8 33. Qxa5 Nh4 (33... Rcd8 $14) 34. Bb5 $16 {[%mdl 64] Skewer} Qg4 (34... Qd4 $16) 35. Bxe8 $18 Rxe8 {[#]} 36. Qa4 $1 {[%cal Ra4e8]} Qc8 37. Rc1 Qd8 38. Ba5 (38. Bc3 $142) 38... Qb8 (38... Qa8 $142) 39. Bc7 Qc8 40. Rc2 Bg5 41. Bd6 Qd8 {White must now prevent ...Bxf4.} 42. Rc1 Nf5 {aiming for ...b5.} 43. Bc7 Qc8 44. Rd1 Bxf4 45. Qxf4 ({But not} 45. Bxf4 $6 Qe6 $16) 45... Qe6 {( -> ...Qe2+!)} 46. Kg1 Qe2 47. Qf3 Qc2 $2 (47... Qxf3 48. gxf3 Kh7) 48. Ba5 {Bc3 is the strong threat.} Nh4 (48... Ng3 $142 49. fxg3 Qc5+ 50. Kh2 Qxa5) 49. Qg4 Re4 50. Rd8+ Kh7 {[#]} 51. Qc8 $1 Qxc8 52. Rxc8 {[%mdl 4096] Endgame KRB-KRN} Re5 53. Bc3 {White is clearly winning.} Rxh5 54. f4 Rb5 55. Rc7 Kg8 56. Rxg7+ Kf8 57. g4 h5 58. g5 Nf5 59. Rh7 Ng3 60. Kg2 Ne4 61. Bb4+ {Accuracy: White = 60%, Black = 35%.} 1-0

[Event "17th Capechecs Open 2019"]
[Site "Cap d'Agde"]
[Date "2019.10.31"]
[Round "7.2"]
[White "Flom, Gabriel"]
[Black "Bellahcene, Bilel"]
[Result "1/2-1/2"]
[WhiteElo "2497"]
[BlackElo "2540"]
[Annotator "ChessBase"]
[PlyCount "31"]
[EventDate "2019.10.26"]
[EventType "swiss"]
[EventCountry "FRA"]
[SourceTitle "playchess.com"]
[Source "ChessBase"]
[SourceQuality "1"]
[TimeControl "5400+30"]

1. d4 {[%emt 0:02:49]} d5 {[%emt 0:00:00]} 2. c4 {[%emt 0:00:04]} e6 {[%emt 0:00:00]} 3. Nc3 {[%emt 0:00:06]} c6 {[%emt 0:00:00]} 4. Nf3 {[%emt 0:00:12]} Nf6 {[%emt 0:00:03]} 5. e3 {[%emt 0:00:04]} Nbd7 {[%emt 0:00:07]} 6. Bd3 {[%emt 0:00:04]} Bb4 {[%emt 0:00:26]} 7. O-O {[%emt 0:00:07]} O-O {[%emt 0:00:03]} 8. Bd2 {[%emt 0:00:45]} c5 {[%emt 0:00:56]} 9. cxd5 {[%emt 0:00:14]} exd5 {[%emt 0:00:06]} 10. dxc5 {[%emt 0:00:31]} Nxc5 {[%emt 0:00:06]} 11. Be2 {[%emt 0:00:07]} Ne6 {[%emt 0:00:26]} 12. a3 {[%emt 0:00:42]} Be7 {[%emt 0:00:12]} 13. Bd3 {[%emt 0:01:49]} Nc5 {[%emt 0:00:14]} 14. Be2 {[%emt 0:00:04]} Ne6 {[%emt 0:00:04]} 15. Bd3 {[%emt 0:00:03]} Nc5 {[%emt 0:00:03]} 16. Be2 {[%emt 0:00:05]} 1/2-1/2

[Event "17th Capechecs Open 2019"]
[Site "Cap d'Agde"]
[Date "2019.10.31"]
[Round "7.3"]
[White "Stany, G.A."]
[Black "Burmakin, Vladimir"]
[Result "1/2-1/2"]
[WhiteElo "2504"]
[BlackElo "2507"]
[Annotator "ChessBase"]
[PlyCount "74"]
[EventDate "2019.10.26"]
[EventType "swiss"]
[EventCountry "FRA"]
[SourceTitle "playchess.com"]
[Source "ChessBase"]
[SourceQuality "1"]
[TimeControl "5400+30"]

1. e4 {[%emt 0:00:00]} c6 {[%emt 0:00:00]} 2. d4 {[%emt 0:00:00]} d5 {[%emt 0:00:00]} 3. e5 {[%emt 0:00:00]} Bf5 {[%emt 0:00:00]} 4. Nf3 {[%emt 0:00:05]} e6 {[%emt 0:00:07]} 5. Be2 {[%emt 0:00:04]} Nd7 {[%emt 0:00:09]} 6. O-O {[%emt 0:00:06]} Bg6 {[%emt 0:00:06]} 7. b3 {[%emt 0:14:19]} Nh6 {[%emt 0:00:29]} 8. c4 {[%emt 0:00:33]} Nf5 {[%emt 0:00:07]} 9. Na3 {[%emt 0:00:20]} f6 {[%emt 0:19:59]} 10. Nc2 {[%emt 0:17:55]} fxe5 {[%emt 0:25:12]} 11. dxe5 {[%emt 0:00:25]} Nc5 {[%emt 0:03:13]} 12. Ncd4 {[%emt 0:11:44]} Nxd4 {[%emt 0:00:11]} 13. Nxd4 {[%emt 0:00:09]} a5 {[%emt 0:04:08]} 14. Be3 {[%emt 0:01:44]} Qd7 {[%emt 0:01:21]} 15. Rc1 {[%emt 0:09:56]} Be7 {[%emt 0:04:14]} 16. Bg4 {[%emt 0:11:22]} Bf7 {[%emt 0:13:13]} 17. cxd5 {[%emt 0:04:11]} cxd5 {[%emt 0:00:26]} 18. Be2 {[%emt 0:00:05]} O-O {[%emt 0:00:30]} 19. Bb5 {[%emt 0:00:09]} Qc7 {[%emt 0:00:41]} 20. a3 {[%emt 0:04:15]} Qb8 {[%emt 0:02:17]} 21. f4 {[%emt 0:03:19]} Kh8 {[%emt 0:09:12]} 22. Qg4 {[%emt 0:00:29]} Qd8 {[%emt 0:03:59]} 23. b4 {[%emt 0:08:54]} axb4 {[%emt 0:00:03]} 24. axb4 {[%emt 0:00:04]} Ra3 {[%emt 0:01:26]} 25. bxc5 {[%emt 0:06:17]} Rxe3 {[%emt 0:00:06]} 26. Nxe6 {[%emt 0:00:03]} Bxe6 {[%emt 0:00:20]} 27. Qxe6 {[%emt 0:00:04]} d4 {[%emt 0:00:22]} 28. Qc4 {[%emt 0:01:58]} g5 {[%emt 0:05:00]} 29. e6 {[%emt 0:01:32]} Rxf4 {[%emt 0:00:02]} 30. Bd7 {[%emt 0:00:56]} Bf6 {[%emt 0:00:47]} 31. Rxf4 {[%emt 0:01:33]} gxf4 {[%emt 0:00:02]} 32. Qd5 {[%emt 0:00:11]} Qa5 {[%emt 0:01:22]} 33. Rf1 {[%emt 0:00:46]} Re1 {[%emt 0:02:10]} 34. Qd6 {[%emt 0:00:26]} Kg7 {[%emt 0:01:05]} 35. e7 {[%emt 0:01:47]} Bxe7 {[%emt 0:02:57]} 36. Qxd4+ {[%emt 0:00:15]} Bf6 {[%emt 0:00:04]} 37. Qxf4 {[%emt 0:00:05]} Qxc5+ {[%emt 0:01:11]} 1/2-1/2

[Event "17th Capechecs Open 2019"]
[Site "Cap d'Agde"]
[Date "2019.10.31"]
[Round "7.4"]
[White "Barseghyan, Harutyun"]
[Black "Donchenko, Alexander"]
[Result "1-0"]
[WhiteElo "2500"]
[BlackElo "2631"]
[Annotator "TA"]
[PlyCount "93"]
[EventDate "2019.10.26"]
[EventType "swiss"]
[EventCountry "FRA"]
[SourceTitle "playchess.com"]
[Source "ChessBase"]
[SourceQuality "1"]

{[%evp 17,93,29,26,28,22,32,28,20,30,37,49,41,41,45,87,91,132,118,126,99,79,121,238,249,255,279,245,245,384,317,290,312,306,289,281,232,227,225,211,196,197,189,291,296,370,325,435,314,312,318,289,289,325,325,327,308,389,394,491,499,828,805,992,983,935,904,1270,1222,1091,1071,29978,29979,29977,29970,29981,29959,29980,29981]} 1. d4 Nf6 2. c4 g6 3. Nc3 Bg7 4. Nf3 O-O 5. Bg5 h6 ({Predecessor:} 5... d6 6. e3 Nbd7 7. Be2 c6 8. Qc2 e5 9. Rd1 Qe7 10. O-O h6 11. Bh4 g5 12. Bg3 Nh5 13. dxe5 {0-1 (43) Naumov,D (2049)-Shabalin,E (2247) Kazan 2008}) 6. Bh4 d6 7. e3 Nbd7 8. Be2 e5 9. dxe5 dxe5 10. O-O {E61: King's Indian: Early deviations for White, including Smyslov System} c6 $146 (10... Re8 11. Qc2 c6 12. Rad1 Qe7 13. Nd2 a5 14. Nde4 g5 15. Bg3 Nxe4 16. Nxe4 f5 17. Nd6 f4 18. Nxe8 Qxe8 19. exf4 exf4 20. Bxf4 gxf4 {0-1 (50) Cordes,H (2202)-Zanan,E (2514) Tegernsee 2018}) 11. Qc2 Qe7 12. Rad1 {White has an edge.} g5 13. Bg3 Nh5 14. Nd2 Nxg3 15. hxg3 f5 {[#]} 16. g4 $1 $36 {[%cal Rg4f5][%mdl 2048] White is really pushing.} Nc5 17. b4 Na6 18. a3 fxg4 19. Nde4 h5 (19... Bf5 $16) 20. c5 $18 Nc7 21. Nd6 Be6 22. Qg6 ({Don't take} 22. Nxb7 $6 Nd5 $16) 22... g3 (22... Qf6 $142 23. Qxh5 g3) 23. fxg3 {Black must now prevent Bd3.} Rf6 24. Rxf6 (24. Qxh5 Rh6 $16) 24... Qxf6 25. Qxh5 Qh6 26. Qxh6 Bxh6 27. g4 ({Much less strong is} 27. Nxb7 $6 g4) 27... b6 28. Nde4 {Strongly threatening Rd6.} Bf8 29. Nxg5 Bb3 (29... Bd5 {might work better.} 30. Nge4 Be6) 30. Rd7 Ne8 31. Nce4 Bd5 32. Bf3 bxc5 33. bxc5 ({Weaker is} 33. Nxc5 Nf6 $16) 33... a5 34. a4 Bh6 35. Kf2 Rb8 36. Re7 Kf8 37. Rxe5 Rb2+ 38. Kg3 Rb3 (38... Bxg5 $142 39. Rxg5 Nc7) 39. Nh7+ Kg7 40. Re7+ Kg6 41. Rxe8 Kxh7 42. Nf6+ {[%mdl 64] [#] Discovered Attack} Kg6 43. Bxd5 Rxe3+ 44. Rxe3 {White mates.} Bxe3 45. Kf3 Bd4 46. Ne8 cxd5 47. c6 {Accuracy: White = 90%, Black = 45%.} 1-0

[Event "17th Capechecs Open 2019"]
[Site "Cap d'Agde"]
[Date "2019.11.01"]
[Round "8.1"]
[White "Bellahcene, Bilel"]
[Black "Sivuk, Vitaly"]
[Result "1-0"]
[WhiteElo "2540"]
[BlackElo "2559"]
[Annotator "ChessBase"]
[PlyCount "117"]
[EventDate "2019.10.26"]
[EventType "swiss"]
[EventCountry "FRA"]
[SourceTitle "playchess.com"]
[Source "ChessBase"]
[SourceQuality "1"]
[TimeControl "5400+30"]

1. e4 {[%emt 0:00:00]} c5 {[%emt 0:00:00]} 2. Nf3 {[%emt 0:00:00]} Nc6 {[%emt 0:00:00]} 3. d4 {[%emt 0:00:25]} cxd4 {[%emt 0:00:00]} 4. Nxd4 {[%emt 0:00:02]} Nf6 {[%emt 0:00:09]} 5. Nc3 {[%emt 0:00:02]} e5 {[%emt 0:00:11]} 6. Ndb5 {[%emt 0:00:45]} d6 {[%emt 0:00:09]} 7. Bg5 {[%emt 0:00:01]} a6 {[%emt 0:00:09]} 8. Na3 {[%emt 0:00:01]} b5 {[%emt 0:00:10]} 9. Nd5 {[%emt 0:00:38]} Be7 {[%emt 0:00:10]} 10. Bxf6 {[%emt 0:00:02]} Bxf6 {[%emt 0:00:08]} 11. c4 {[%emt 0:00:05]} b4 {[%emt 0:00:11]} 12. Nc2 {[%emt 0:00:02]} O-O {[%emt 0:00:20]} 13. g3 {[%emt 0:00:18]} Be6 {[%emt 0:00:57]} 14. Bg2 {[%emt 0:04:02]} Bxd5 {[%emt 0:00:54]} 15. Qxd5 {[%emt 0:08:01]} Qb6 {[%emt 0:01:15]} 16. O-O {[%emt 0:00:43]} Bg5 {[%emt 0:04:21]} 17. Rad1 {[%emt 0:13:20]} Rfd8 {[%emt 0:01:58]} 18. Kh1 {[%emt 0:00:31]} Ra7 {[%emt 0:02:51]} 19. b3 {[%emt 0:07:22]} h5 {[%emt 0:18:18]} 20. f4 {[%emt 0:02:37]} Bf6 {[%emt 0:07:02]} 21. Qd3 {[%emt 0:00:17]} Qa5 {[%emt 0:05:57]} 22. Rd2 {[%emt 0:14:32]} Nd4 {[%emt 0:14:28]} 23. Ne3 {[%emt 0:02:30]} Re8 {[%emt 0:08:19]} 24. Nd5 {[%emt 0:01:02]} Bd8 {[%emt 0:00:05]} 25. Rdf2 {[%emt 0:01:59]} Re6 {[%emt 0:02:14]} 26. Qd2 {[%emt 0:10:43]} Rh6 {[%emt 0:07:41]} 27. Bh3 {[%emt 0:04:50]} Qc5 {[%emt 0:02:25]} 28. Qxb4 {[%emt 0:03:37]} Qxb4 {[%emt 0:00:12]} 29. Nxb4 {[%emt 0:00:01]} h4 {[%emt 0:01:32]} 30. Kg2 {[%emt 0:02:36]} hxg3 {[%emt 0:00:41]} 31. hxg3 {[%emt 0:00:04]} exf4 {[%emt 0:02:56]} 32. Rxf4 {[%emt 0:01:51]} a5 {[%emt 0:00:42]} 33. Nd5 {[%emt 0:01:46]} Bg5 {[%emt 0:00:26]} 34. R4f2 {[%emt 0:02:28]} Nc6 {[%emt 0:00:48]} 35. Bg4 {[%emt 0:01:17]} Ne5 {[%emt 0:00:51]} 36. Be2 {[%emt 0:00:01]} Re6 {[%emt 0:00:13]} 37. Rf5 {[%emt 0:02:02]} Bd2 {[%emt 0:01:54]} 38. Rd1 {[%emt 0:01:03]} Bb4 {[%emt 0:00:21]} 39. Rh5 {[%emt 0:03:21]} Bc5 {[%emt 0:02:14]} 40. Rdh1 {[%emt 0:00:55]} Ng6 {[%emt 0:00:25]} 41. Bf3 {[%emt 0:02:12]} Re5 {[%emt 0:00:18]} 42. R5h3 {[%emt 0:03:18]} Rg5 {[%emt 0:01:43]} 43. Bh5 {[%emt 0:00:27]} Ne5 {[%emt 0:00:46]} 44. Bg4 {[%emt 0:00:48]} Ng6 {[%emt 0:00:53]} 45. Bf5 {[%emt 0:00:26]} Rb7 {[%emt 0:04:30]} 46. Bxg6 {[%emt 0:00:38]} fxg6 {[%emt 0:00:05]} 47. Rh8+ {[%emt 0:00:05]} Kf7 {[%emt 0:00:02]} 48. Rf1+ {[%emt 0:00:08]} Ke6 {[%emt 0:00:04]} 49. Re8+ {[%emt 0:01:12]} Kd7 {[%emt 0:00:01]} 50. Rff8 {[%emt 0:03:54]} Re5 {[%emt 0:00:59]} 51. Ra8 {[%emt 0:00:50]} Ke6 {[%emt 0:01:16]} 52. Rfe8+ {[%emt 0:01:19]} Kd7 {[%emt 0:01:00]} 53. Rxe5 {[%emt 0:00:07]} dxe5 {[%emt 0:00:05]} 54. Rxa5 {[%emt 0:00:01]} Bd4 {[%emt 0:00:19]} 55. c5 {[%emt 0:00:35]} Kc6 {[%emt 0:00:23]} 56. b4 {[%emt 0:00:32]} Rf7 {[%emt 0:00:10]} 57. a4 {[%emt 0:01:00]} Rf2+ {[%emt 0:00:25]} 58. Kh3 {[%emt 0:00:02]} Re2 {[%emt 0:00:13]} 59. Ra7 {[%emt 0:00:22] Kxd5} 1-0

[Event "17th Capechecs Open 2019"]
[Site "Cap d'Agde"]
[Date "2019.11.01"]
[Round "8.2"]
[White "Shchekachev, Andrei"]
[Black "Flom, Gabriel"]
[Result "0-1"]
[WhiteElo "2524"]
[BlackElo "2497"]
[Annotator "ChessBase"]
[PlyCount "63"]
[EventDate "2019.10.26"]
[EventType "swiss"]
[EventCountry "FRA"]
[SourceTitle "playchess.com"]
[Source "ChessBase"]
[SourceQuality "1"]
[TimeControl "5400+30"]

1. Nf3 {[%emt 0:00:00]} d5 {[%emt 0:00:21]} 2. d4 {[%emt 0:00:10]} Nf6 {[%emt 0:01:45]} 3. c4 {[%emt 0:01:26]} c6 {[%emt 0:00:04]} 4. Nc3 {[%emt 0:00:58]} e6 {[%emt 0:00:11]} 5. g3 {[%emt 0:01:32]} dxc4 {[%emt 0:05:29]} 6. Bg2 {[%emt 0:00:52]} Nbd7 {[%emt 0:02:07]} 7. a4 {[%emt 0:06:51]} Be7 {[%emt 0:05:40]} 8. O-O {[%emt 0:00:31]} O-O {[%emt 0:00:01]} 9. e4 {[%emt 0:03:00]} b6 {[%emt 0:05:37]} 10. Qe2 {[%emt 0:07:10]} Ba6 {[%emt 0:03:53]} 11. Rd1 {[%emt 0:04:46]} Rc8 {[%emt 0:03:09]} 12. Bf4 {[%emt 0:02:57]} Re8 {[%emt 0:01:57]} 13. h4 {[%emt 0:17:07]} Bb4 {[%emt 0:12:06]} 14. Na2 {[%emt 0:10:10]} Be7 {[%emt 0:00:15]} 15. Nc3 {[%emt 0:00:54]} Bb4 {[%emt 0:11:44]} 16. Qc2 {[%emt 0:02:41]} Qe7 {[%emt 0:01:20]} 17. e5 {[%emt 0:09:27]} Nd5 {[%emt 0:00:04]} 18. Ng5 {[%emt 0:00:11]} f5 {[%emt 0:09:23]} 19. exf6 {[%emt 0:02:05]} gxf6 {[%emt 0:00:04]} 20. Nh3 {[%emt 0:00:08]} Bxc3 {[%emt 0:15:35]} 21. bxc3 {[%emt 0:02:04]} Bb7 {[%emt 0:02:14]} 22. Bc1 {[%emt 0:19:19]} c5 {[%emt 0:03:38]} 23. Nf4 {[%emt 0:01:16]} cxd4 {[%emt 0:10:04]} 24. Rxd4 {[%emt 0:00:53]} Ne5 {[%emt 0:00:03]} 25. Nxd5 {[%emt 0:02:34]} Bxd5 {[%emt 0:00:33]} 26. Rxd5 {[%emt 0:01:04]} exd5 {[%emt 0:00:04]} 27. Bxd5+ {[%emt 0:00:05]} Kh8 {[%emt 0:01:25]} 28. Be3 {[%emt 0:01:20]} Rcd8 {[%emt 0:03:55]} 29. Bg2 {[%emt 0:00:55]} Rd3 {[%emt 0:01:00]} 30. Bd4 {[%emt 0:01:47]} Qd6 {[%emt 0:00:43]} 31. Qb2 {[%emt 0:00:46]} Rd8 {[%emt 0:00:32]} 32. Re1 {[%emt 0:00:30]} 0-1

[Event "17th Capechecs Open 2019"]
[Site "Cap d'Agde"]
[Date "2019.11.01"]
[Round "8.3"]
[White "Burmakin, Vladimir"]
[Black "Barseghyan, Harutyun"]
[Result "1/2-1/2"]
[WhiteElo "2507"]
[BlackElo "2500"]
[Annotator "ChessBase"]
[PlyCount "67"]
[EventDate "2019.10.26"]
[EventType "swiss"]
[EventCountry "FRA"]
[SourceTitle "playchess.com"]
[Source "ChessBase"]
[SourceQuality "1"]
[TimeControl "5400+30"]

1. Nf3 {[%emt 0:00:00]} c5 {[%emt 0:00:00]} 2. e3 {[%emt 0:00:01]} d5 {[%emt 0:00:49]} 3. b3 {[%emt 0:00:08]} Nf6 {[%emt 0:01:06]} 4. Bb2 {[%emt 0:00:06]} g6 {[%emt 0:01:09]} 5. c4 {[%emt 0:00:17]} Bg7 {[%emt 0:00:56]} 6. cxd5 {[%emt 0:01:37]} O-O {[%emt 0:06:32]} 7. Qc2 {[%emt 0:00:52]} Qxd5 {[%emt 0:07:38]} 8. Nc3 {[%emt 0:00:10]} Qd8 {[%emt 0:00:57]} 9. Be2 {[%emt 0:04:00]} Bf5 {[%emt 0:04:23]} 10. d3 {[%emt 0:00:11]} Nc6 {[%emt 0:00:11]} 11. Rd1 {[%emt 0:00:44]} Rc8 {[%emt 0:03:01]} 12. Qb1 {[%emt 0:00:05]} e5 {[%emt 0:13:32]} 13. O-O {[%emt 0:00:11]} Qe7 {[%emt 0:00:05]} 14. Ne4 {[%emt 0:08:49]} Nxe4 {[%emt 0:08:43]} 15. dxe4 {[%emt 0:00:06]} Be6 {[%emt 0:07:03]} 16. Qa1 {[%emt 0:00:22]} f6 {[%emt 0:00:08]} 17. Qc1 {[%emt 0:12:20]} Rfd8 {[%emt 0:06:28]} 18. Bc4 {[%emt 0:00:51]} Bf8 {[%emt 0:00:37]} 19. Ba3 {[%emt 0:09:16]} Nb4 {[%emt 0:03:07]} 20. Rxd8 {[%emt 0:05:21]} Rxd8 {[%emt 0:01:12]} 21. Bxb4 {[%emt 0:00:41]} cxb4 {[%emt 0:00:03]} 22. Bxe6+ {[%emt 0:04:57]} Qxe6 {[%emt 0:01:52]} 23. Qc7 {[%emt 0:00:06]} Rd7 {[%emt 0:01:16]} 24. Qc8 {[%emt 0:01:17]} Qc6 {[%emt 0:00:18]} 25. Qxc6 {[%emt 0:05:02]} bxc6 {[%emt 0:00:03]} 26. Rc1 {[%emt 0:01:19]} c5 {[%emt 0:00:59]} 27. Kf1 {[%emt 0:01:59]} a5 {[%emt 0:00:08]} 28. Ke2 {[%emt 0:06:43]} a4 {[%emt 0:00:09]} 29. bxa4 {[%emt 0:10:42]} Ra7 {[%emt 0:00:10]} 30. Kd3 {[%emt 0:00:25]} Rxa4 {[%emt 0:00:22]} 31. Rc2 {[%emt 0:00:11]} Kf7 {[%emt 0:07:03]} 32. Nd2 {[%emt 0:04:59]} Ke6 {[%emt 0:00:03]} 33. Kc4 {[%emt 0:02:35]} Kd6 {[%emt 0:02:58]} 34. Nb3 {[%emt 0:05:50]} 1/2-1/2

[Event "17th Capechecs Open 2019"]
[Site "Cap d'Agde"]
[Date "2019.11.01"]
[Round "8.4"]
[White "Moskalenko, Viktor"]
[Black "Stany, G.A."]
[Result "0-1"]
[WhiteElo "2475"]
[BlackElo "2504"]
[Annotator "ChessBase"]
[PlyCount "130"]
[EventDate "2019.10.26"]
[EventType "swiss"]
[EventCountry "FRA"]
[SourceTitle "playchess.com"]
[Source "ChessBase"]
[SourceQuality "1"]
[TimeControl "5400+30"]

1. d4 {[%emt 0:00:42]} Nf6 {[%emt 0:00:00]} 2. c4 {[%emt 0:00:12]} g6 {[%emt 0:00:00]} 3. Nc3 {[%emt 0:00:09]} d5 {[%emt 0:00:00]} 4. cxd5 {[%emt 0:00:16]} Nxd5 {[%emt 0:00:00]} 5. Bd2 {[%emt 0:00:07]} Nb6 {[%emt 0:00:00]} 6. Nf3 {[%emt 0:00:39]} Bg7 {[%emt 0:00:00]} 7. Bg5 {[%emt 0:00:08]} c5 {[%emt 0:07:19]} 8. dxc5 {[%emt 0:02:04]} N6d7 {[%emt 0:01:54]} 9. e3 {[%emt 0:02:43]} h6 {[%emt 0:00:09]} 10. Bh4 {[%emt 0:00:18]} O-O {[%emt 0:00:59]} 11. Rc1 {[%emt 0:00:14]} Nc6 {[%emt 0:01:18]} 12. Bb5 {[%emt 0:01:00]} g5 {[%emt 0:00:57]} 13. Bg3 {[%emt 0:00:29]} Nxc5 {[%emt 0:00:09]} 14. O-O {[%emt 0:00:29]} Be6 {[%emt 0:32:20]} 15. Qe2 {[%emt 0:28:57]} Qb6 {[%emt 0:03:15]} 16. Bxc6 {[%emt 0:14:25]} bxc6 {[%emt 0:04:36]} 17. Nd4 {[%emt 0:00:09]} Bd7 {[%emt 0:01:50]} 18. h4 {[%emt 0:05:02]} gxh4 {[%emt 0:11:56]} 19. Bxh4 {[%emt 0:00:54]} e5 {[%emt 0:00:04]} 20. Nb3 {[%emt 0:01:01]} Nxb3 {[%emt 0:01:14]} 21. axb3 {[%emt 0:00:07]} Qb4 {[%emt 0:10:11]} 22. Bg3 {[%emt 0:11:44]} Qxb3 {[%emt 0:01:39]} 23. Ne4 {[%emt 0:03:16]} Bf5 {[%emt 0:02:57]} 24. Nc5 {[%emt 0:00:40]} Qb5 {[%emt 0:00:11]} 25. Qf3 {[%emt 0:11:46]} Bg6 {[%emt 0:00:21]} 26. e4 {[%emt 0:01:05]} Qxb2 {[%emt 0:02:52]} 27. Nd7 {[%emt 0:01:22]} Rfe8 {[%emt 0:00:46]} 28. Nf6+ {[%emt 0:02:04]} Bxf6 {[%emt 0:00:24]} 29. Qxf6 {[%emt 0:00:02]} Re6 {[%emt 0:00:19]} 30. Qh4 {[%emt 0:01:01]} Kh7 {[%emt 0:00:23]} 31. Rce1 {[%emt 0:00:30]} a5 {[%emt 0:07:27]} 32. f4 {[%emt 0:00:51]} exf4 {[%emt 0:00:10]} 33. Bxf4 {[%emt 0:00:02]} h5 {[%emt 0:01:53]} 34. e5 {[%emt 0:02:01]} a4 {[%emt 0:03:14]} 35. Bc1 {[%emt 0:01:37]} Qc3 {[%emt 0:02:26]} 36. Re3 {[%emt 0:06:43]} Qc5 {[%emt 0:00:04]} 37. Qf2 {[%emt 0:00:41]} a3 {[%emt 0:02:55]} 38. Rxa3 {[%emt 0:00:16]} Qxf2+ {[%emt 0:00:05]} 39. Rxf2 {[%emt 0:00:10]} Rxa3 {[%emt 0:00:03]} 40. Bxa3 {[%emt 0:00:01]} Rxe5 {[%emt 0:00:06]} 41. Rf6 {[%emt 0:00:49]} Ra5 {[%emt 0:02:02]} 42. Be7 {[%emt 0:00:42]} Ra1+ {[%emt 0:00:11]} 43. Rf1 {[%emt 0:01:41]} Rxf1+ {[%emt 0:00:56]} 44. Kxf1 {[%emt 0:00:01]} Be4 {[%emt 0:00:09]} 45. g3 {[%emt 0:00:13]} Kg6 {[%emt 0:00:03]} 46. Kf2 {[%emt 0:00:11]} Kf5 {[%emt 0:00:10]} 47. Ke3 {[%emt 0:00:13]} Ke5 {[%emt 0:00:13]} 48. Ba3 {[%emt 0:00:47]} Bg6 {[%emt 0:00:39]} 49. Bb2+ {[%emt 0:00:40]} Kd5 {[%emt 0:00:05]} 50. Bf6 {[%emt 0:00:44]} c5 {[%emt 0:01:12]} 51. Be7 {[%emt 0:01:01]} Bf5 {[%emt 0:00:24]} 52. Bf6 {[%emt 0:00:17]} Bd7 {[%emt 0:00:35]} 53. Be7 {[%emt 0:00:09]} c4 {[%emt 0:00:38]} 54. Bf6 {[%emt 0:01:57]} Ke6 {[%emt 0:00:13]} 55. Bc3 {[%emt 0:00:36]} Kf5 {[%emt 0:00:03]} 56. Bd4 {[%emt 0:01:07]} Kg4 {[%emt 0:00:11]} 57. Kf2 {[%emt 0:00:06]} Be6 {[%emt 0:00:13]} 58. Bc3 {[%emt 0:00:14]} Bd5 {[%emt 0:00:17]} 59. Bd4 {[%emt 0:00:18]} Bb7 {[%emt 0:01:10]} 60. Bc3 {[%emt 0:00:05]} Bc8 {[%emt 0:00:04]} 61. Bd4 {[%emt 0:00:07]} f5 {[%emt 0:00:46]} 62. Be5 {[%emt 0:02:20]} f4 {[%emt 0:00:04]} 63. Bxf4 {[%emt 0:00:30]} h4 {[%emt 0:00:04]} 64. Be5 {[%emt 0:00:12]} h3 {[%emt 0:00:06]} 65. Kg1 {[%emt 0:00:22]} Kf3 {[%emt 0:00:13]} 0-1